00235nam a2200097Ia 4500008004100000100002300041245001600064260001500080260002500095999001700120170620s9999 xx 000 0 und d aDR. PARANJAPAE-N.V 0aCOMPANY LAW b"ALLAHABAD c CENTRAL LAW AGENCY" c29664d29664